[Event "North Island-ch Staurt Memorial"]
[Site "Auckland"]
[Date "2023.07.16"]
[Round "8"]
[White "Yue, Annie"]
[Black "Mukkattu, Philip"]
[Result "1-0"]
[WhiteElo "1516"]
[BlackElo "1510"]
[PlyCount "69"]
[EventDate "2023.07.13"]
[EventType "swiss"]
[EventRounds "8"]
[EventCountry "NZL"]
[SourceTitle "EXT 2024"]
[Source "ChessBase"]
[SourceDate "2023.10.10"]
[SourceVersion "1"]
[SourceVersionDate "2023.10.10"]
[SourceQuality "1"]

1. e4 c6 2. d4 d5 3. exd5 cxd5 4. Nf3 Nf6 5. Nc3 Bg4 6. h3 Bxf3 7. Qxf3 Nc6 8. Be3 e6 9. a3 Be7 10. Rd1 0-0 11. Bd3 Qb6 12. 0-0 Qxb2 13. Nb5 Ne4 14. Rb1 Qa2 15. Ra1 Qb2 16. Rfb1 Qxb1+ 17. Rxb1 a6 18. Nc7 Rac8 19. Bxe4 dxe4 20. Qg3 f5 21. Nxe6 Rf7 22. d5 Na5 23. d6 Bf6 24. Rd1 Rd7 25. Nc5 Rf7 26. d7 Rd8 27. Bf4 Nc6 28. Bc7 Nd4 29. Rxd4 Bxd4 30. Bxd8 Bxc5 31. Qc7 Bxa3 32. Bg5 Bf8 33. Qc8 h6 34. d8Q hxg5 35. Qe6 1-0

[Event "North Island-ch Staurt Memorial"]
[Site "Auckland"]
[Date "2023.07.13"]
[Round "2"]
[White "Liu, William Rui"]
[Black "Mukkattu, Philip"]
[Result "1-0"]
[WhiteElo "1854"]
[BlackElo "1510"]
[PlyCount "72"]
[EventDate "2023.07.13"]
[EventType "swiss"]
[EventRounds "8"]
[EventCountry "NZL"]
[SourceTitle "EXT 2024"]
[Source "ChessBase"]
[SourceDate "2023.10.10"]
[SourceVersion "1"]
[SourceVersionDate "2023.10.10"]
[SourceQuality "1"]

1. e4 c5 2. Nf3 d6 3. d4 cxd4 4. Nxd4 Nf6 5. Nc3 a6 6. Be3 e6 7. Qd2 Be7 8. f3 b5 9. 0-0-0 Bb7 10. g4 Nc6 11. g5 Nd7 12. h4 Nde5 13. f4 Nd7 14. f5 Nxd4 15. Qxd4 e5 16. Qd2 Rc8 17. Be2 Nc5 18. Bxc5 Rxc5 19. b4 Rxc3 20. Qxc3 Bxe4 21. Rhf1 0-0 22. Bd3 Bg2 23. Rg1 Bf3 24. Rdf1 e4 25. f6 d5 26. fxe7 Qxe7 27. Re1 Qd7 28. Be2 d4 29. Qd2 e3 30. Qd3 Bb7 31. Rd1 Qe6 32. Qxd4 Qxa2 33. Qxe3 Rc8 34. Qd3 g6 35. Bg4 Rc4 36. Qd8+ Kg7 1-0

[Event "North Island-ch"]
[Site "Auckland"]
[Date "2022.07.17"]
[Round "9"]
[White "Lim, Benjamin U"]
[Black "Mukkattu, Philip"]
[Result "1-0"]
[WhiteElo "1834"]
[BlackElo "1580"]
[PlyCount "83"]
[EventDate "2022.07.14"]
[EventType "swiss"]
[EventRounds "9"]
[EventCountry "NZL"]
[SourceTitle "EXT 2024"]
[Source "ChessBase"]
[SourceDate "2023.10.10"]
[SourceVersion "1"]
[SourceVersionDate "2023.10.10"]
[SourceQuality "1"]

1. e4 c6 2. Nc3 d5 3. Nf3 dxe4 4. Nxe4 Nf6 5. Nxf6+ exf6 6. Bc4 Bd6 7. 0-0 0-0 8. d4 Be6 9. Bd3 c5 10. Be4 Qc7 11. d5 Bg4 12. h3 Bh5 13. c4 Nd7 14. Qc2 Bg6 15. Re1 Rfe8 16. Bd2 Ne5 17. Nxe5 Bxe4 18. Rxe4 Bxe5 19. Rae1 Qd7 20. Bc3 Bxc3 21. Qxc3 Rxe4 22. Rxe4 b5 23. b3 Re8 24. Qe3 Rxe4 25. Qxe4 bxc4 26. bxc4 h6 27. Qf4 Kf8 28. Qe3 Qd6 29. Kf1 Qb6 30. g3 Qc7 31. Qe4 Qd7 32. Kg2 g6 33. Qf4 Kg7 34. d6 g5 35. Qd2 f5 36. Qd5 g4 37. h4 Kf6 38. Qxc5 f4 39. gxf4 Qe6 40. Qd4+ Kg6 41. d7 Qc6+ 42. Qd5 1-0

[Event "North Island-ch"]
[Site "Auckland"]
[Date "2022.07.16"]
[Round "6"]
[White "Mukkattu, Philip"]
[Black "Ha, Huy Minh"]
[Result "0-1"]
[WhiteElo "1580"]
[BlackElo "1615"]
[PlyCount "54"]
[EventDate "2022.07.14"]
[EventType "swiss"]
[EventRounds "9"]
[EventCountry "NZL"]
[SourceTitle "EXT 2024"]
[Source "ChessBase"]
[SourceDate "2023.10.10"]
[SourceVersion "1"]
[SourceVersionDate "2023.10.10"]
[SourceQuality "1"]

1. d4 d5 2. c4 e6 3. Nf3 Nf6 4. Nc3 a6 5. e3 Be7 6. Qc2 Nbd7 7. c5 c6 8. b4 Qc7 9. Bd3 e5 10. dxe5 Nxe5 11. Nxe5 Qxe5 12. 0-0 0-0 13. Bb2 Qh5 14. f3 Bd8 15. Qf2 Bc7 16. g4 Bxg4 17. Be2 Bh3 18. Rfd1 Rae8 19. Na4 Qg5+ 20. Kh1 Qxe3 21. Qh4 Bg2+ 22. Kxg2 Qxe2+ 23. Kg1 Qxf3 24. Bxf6 gxf6 25. Rd4 Be5 26. Rg4+ Kh8 27. Rf1 Bd4+ 0-1

[Event "Henderson Trusts op-B 44th"]
[Site "Henderson"]
[Date "2022.06.04"]
[Round "2"]
[White "Mukkattu, Philip"]
[Black "Somaraju, Sai Vivan Karthikey"]
[Result "1-0"]
[WhiteElo "1556"]
[BlackElo "1289"]
[PlyCount "117"]
[EventDate "2022.06.04"]
[EventType "swiss"]
[EventRounds "6"]
[EventCountry "NZL"]
[SourceTitle "EXT 2024"]
[Source "ChessBase"]
[SourceDate "2023.10.10"]
[SourceVersion "1"]
[SourceVersionDate "2023.10.10"]
[SourceQuality "1"]

1. d4 Nf6 2. c4 g6 3. Nc3 Bg7 4. Nf3 0-0 5. Bf4 d6 6. h3 Nbd7 7. e4 Nh5 8. Be3 e5 9. d5 f5 10. exf5 gxf5 11. Qc2 h6 12. Be2 Ndf6 13. a3 f4 14. Bd2 e4 15. Nh2 Re8 16. 0-0-0 e3 17. Be1 Re5 18. fxe3 fxe3 19. Rf1 Nd7 20. Ng4 Re8 21. Qg6 Ne5 22. Qxh5 Bxg4 23. hxg4 Qd7 24. g5 hxg5 25. Qxg5 Rf8 26. Qxe3 Rxf1 27. Bxf1 Kh7 28. Qe4+ Kg8 29. Bg3 Re8 30. Qh4 Ng4 31. Bd3 Bh6+ 32. Kb1 Qg7 33. Re1 Rxe1+ 34. Bxe1 Ne3 35. Qd8+ Qf8 36. Qxc7 Bg7 37. g3 Ng4 38. Qd7 Ne5 39. Qe6+ Kh8 40. Be2 Bh6 41. Ne4 Nf3 42. Bxf3 Qxf3 43. Qxh6+ Kg8 44. Nf6+ Kf7 45. Qh5+ Qxh5 46. Nxh5 Kg6 47. Nf4+ Kf5 48. Kc2 Kg4 49. Kd3 Kf3 50. Kd4 Kg4 51. c5 dxc5+ 52. Kxc5 Kf5 53. d6 Kf6 54. g4 Kf7 55. g5 Ke8 56. Kd5 Kf8 57. Ke6 Ke8 58. g6 Kf8 59. d7 1-0

[Event "NZL-ch Rapid 129th"]
[Site "Christchurch"]
[Date "2022.01.11"]
[Round "2"]
[White "Mukkattu, Philip"]
[Black "Sole, Michael D"]
[Result "0-1"]
[WhiteElo "1580"]
[BlackElo "1815"]
[PlyCount "68"]
[EventDate "2022.01.11"]
[EventType "swiss (rapid)"]
[EventRounds "9"]
[EventCountry "NZL"]
[SourceTitle "CBM 206 Extra"]
[Source "ChessBase"]
[SourceDate "2022.03.31"]
[SourceVersion "1"]
[SourceVersionDate "2022.03.31"]
[SourceQuality "1"]

1. d4 Nf6 2. c4 e6 3. Nc3 Bb4 4. Nf3 0-0 5. Qc2 c5 6. a3 Bxc3+ 7. bxc3 Nc6 8. e4 cxd4 9. cxd4 d6 10. Bd3 e5 11. d5 Ne7 12. h3 Ng6 13. Be3 b6 14. a4 Ba6 15. Qd2 Rc8 16. a5 bxa5 17. c5 Bxd3 18. Qxd3 dxc5 19. 0-0 c4 20. Qc2 Qc7 21. Rfb1 Rb8 22. Rc1 Rfc8 23. Nd2 c3 24. Nb3 Rb5 25. Ra3 h5 26. Rca1 Qc4 27. f3 Nf4 28. Bxf4 exf4 29. Nxa5 Qd4+ 30. Kh1 Rb2 31. Qd1 Qb6 32. Nc6 c2 33. Qd2 Rb1+ 34. Kh2 Qg1# 0-1

[Event "Henderson Trusts op-B 43rd"]
[Site "Henderson"]
[Date "2021.06.07"]
[Round "6"]
[White "Mukkattu, Philip"]
[Black "Buciu, Aurel John"]
[Result "1-0"]
[WhiteElo "1561"]
[BlackElo "1669"]
[PlyCount "77"]
[EventDate "2021.06.05"]
[EventType "swiss"]
[EventRounds "6"]
[EventCountry "NZL"]
[SourceTitle "EXT 2024"]
[Source "ChessBase"]
[SourceDate "2023.10.10"]
[SourceVersion "1"]
[SourceVersionDate "2023.10.10"]
[SourceQuality "1"]

1. d4 d5 2. c4 c6 3. Nc3 Nf6 4. Nf3 Bf5 5. Qb3 b6 6. Bf4 e6 7. e3 Nbd7 8. cxd5 exd5 9. Ba6 Nh5 10. Bb7 Nxf4 11. exf4 Nc5 12. Bxc6+ Bd7 13. Bxd7+ Nxd7 14. Qxd5 Bb4 15. 0-0 0-0 16. a3 Be7 17. Rfe1 Bf6 18. Ne5 Nxe5 19. fxe5 Bg5 20. Qxd8 Raxd8 21. Rad1 Rfe8 22. g3 g6 23. d5 Bh6 24. Nb5 a5 25. f4 Bf8 26. Nc7 Re7 27. d6 Red7 28. Nd5 Rb7 29. Rc1 Kg7 30. Rc6 Rdb8 31. Rec1 b5 32. Rc7 Kg8 33. d7 Rxc7 34. Rxc7 Rd8 35. Nb6 b4 36. axb4 axb4 37. Rc8 Be7 38. Nd5 Kf8 39. Nxb4 1-0

[Event "Henderson Trusts op-B 43rd"]
[Site "Henderson"]
[Date "2021.06.05"]
[Round "2"]
[White "Wells, Clinton A"]
[Black "Mukkattu, Philip"]
[Result "1/2-1/2"]
[WhiteElo "1844"]
[BlackElo "1561"]
[PlyCount "67"]
[EventDate "2021.06.05"]
[EventType "swiss"]
[EventRounds "6"]
[EventCountry "NZL"]
[SourceTitle "EXT 2024"]
[Source "ChessBase"]
[SourceDate "2023.10.10"]
[SourceVersion "1"]
[SourceVersionDate "2023.10.10"]
[SourceQuality "1"]

1. c4 Nf6 2. d4 c6 3. Nf3 d5 4. Qc2 g6 5. e3 Bg7 6. Bd3 0-0 7. Nbd2 Re8 8. b3 Na6 9. a3 dxc4 10. Bxc4 Nc7 11. Bb2 Ncd5 12. 0-0 Nb6 13. Be2 Nbd5 14. Rfe1 Bd7 15. Rac1 Rc8 16. Bf1 e5 17. Nxe5 Be6 18. g3 Re7 19. e4 Nb6 20. Ndc4 Nfd7 21. Nf3 Bg4 22. Bg2 Nf8 23. Nce5 Bxf3 24. Nxf3 Ne6 25. Rcd1 Rd7 26. Bh3 Qe7 27. Rd3 Rcd8 28. Red1 Rd6 29. a4 R6d7 30. Qc1 c5 31. d5 Bxb2 32. Qxb2 c4 33. R3d2 Nc5 34. Bxd7 1/2-1/2

[Event "NZL-ch Seniors"]
[Site "Auckland"]
[Date "2020.11.28"]
[Round "5"]
[White "Mukkattu, Philip"]
[Black "Taylor, Richard"]
[Result "1/2-1/2"]
[WhiteElo "1549"]
[BlackElo "1840"]
[PlyCount "64"]
[EventDate "2020.11.26"]
[EventType "swiss"]
[EventRounds "6"]
[EventCountry "NZL"]
[SourceTitle "EXT 2024"]
[Source "ChessBase"]
[SourceDate "2023.10.10"]
[SourceVersion "1"]
[SourceVersionDate "2023.10.10"]
[SourceQuality "1"]

1. d4 Nf6 2. c4 e6 3. Nf3 b6 4. Nc3 Bb4 5. g3 Bb7 6. Bg2 0-0 7. 0-0 Bxc3 8. bxc3 Ne4 9. Qc2 Qc8 10. Rd1 d5 11. cxd5 exd5 12. c4 Nd7 13. cxd5 Ndf6 14. Ne5 Bxd5 15. Nc6 Qe6 16. Nb4 Nd6 17. Nxd5 Nxd5 18. e4 Nb4 19. Qb1 a5 20. e5 Nb5 21. Bb2 Rad8 22. a4 Na7 23. Ba3 c5 24. Bb2 Nac6 25. Qe4 cxd4 26. f4 Rfe8 27. Rac1 Rc8 28. Bxd4 Nxd4 29. Rxc8 Rxc8 30. Qxd4 g6 31. Bb7 Rf8 32. Rd2 Rb8 1/2-1/2

[Event "NZL-ch Seniors"]
[Site "Auckland"]
[Date "2020.11.27"]
[Round "2"]
[White "Mukkattu, Philip"]
[Black "Cramp, Murray"]
[Result "1-0"]
[WhiteElo "1549"]
[BlackElo "980"]
[PlyCount "83"]
[EventDate "2020.11.26"]
[EventType "swiss"]
[EventRounds "6"]
[EventCountry "NZL"]
[SourceTitle "EXT 2024"]
[Source "ChessBase"]
[SourceDate "2023.10.10"]
[SourceVersion "1"]
[SourceVersionDate "2023.10.10"]
[SourceQuality "1"]

1. d4 Nf6 2. g3 e6 3. Bg2 d5 4. c4 c5 5. Nc3 b6 6. cxd5 exd5 7. dxc5 Bxc5 8. Bxd5 Nxd5 9. Qxd5 Qxd5 10. Nxd5 Bd6 11. Nc3 Bb7 12. Nf3 0-0 13. 0-0 Ba6 14. a3 Nc6 15. Rd1 Rad8 16. Bd2 Bc7 17. Rac1 Bb8 18. b4 Bb7 19. b5 Na5 20. Be1 a6 21. Nd4 Be5 22. e3 axb5 23. Ncxb5 Rc8 24. Nf5 Bf6 25. Nbd6 Rxc1 26. Rxc1 Bb2 27. Rb1 Bxa3 28. Bxa5 Bd5 29. Bc3 Bc5 30. Ne7+ Kh8 31. Nxd5 Bxd6 32. Rxb6 Bc5 33. Rb7 h6 34. Bb4 Bxb4 35. Nxb4 Kh7 36. Nc6 Ra8 37. Rxf7 Ra1+ 38. Kg2 Rc1 39. Nd4 Kg8 40. Rb7 Rc8 41. Nf5 Rf8 42. Nxg7 1-0

[Event "Oceania & NZL-ch Seniors"]
[Site "Auckland"]
[Date "2019.07.14"]
[Round "5"]
[White "Taylor, Richard"]
[Black "Mukkattu, Philip"]
[Result "0-1"]
[WhiteElo "1815"]
[BlackElo "1487"]
[PlyCount "63"]
[EventDate "2019.07.12"]
[EventType "swiss"]
[EventRounds "6"]
[EventCountry "NZL"]
[SourceTitle "EXT 2023"]
[Source "ChessBase"]
[SourceDate "2022.10.05"]
[SourceVersion "1"]
[SourceVersionDate "2022.10.05"]
[SourceQuality "1"]

1. e4 c6 2. Nc3 d5 3. Nf3 dxe4 4. Nxe4 Nf6 5. Nxf6+ exf6 6. Be2 Bc5 7. 0-0 0-0 8. d4 Bd6 9. Be3 Re8 10. Re1 Nd7 11. c3 Nf8 12. h3 Ng6 13. Qc2 Nf4 14. Bf1 Be6 15. Bxf4 Bxf4 16. Bd3 g6 17. Re4 Qc7 18. Rae1 Bh6 19. c4 Qd7 20. R4e2 Rec8 21. Re4 Bf8 22. a3 Bg7 23. Qd2 f5 24. Rh4 Qd8 25. g4 fxg4 26. hxg4 Qf6 27. Qe3 h6 28. g5 hxg5 29. Nxg5 Re8 30. d5 Bd7 31. Qd2 Rxe1+ 32. Qxe1 0-1

[Event "NZL-ch Major op"]
[Site "Auckland"]
[Date "2019.01.22"]
[Round "9"]
[White "Mukkattu, Philip"]
[Black "He, Paul"]
[Result "0-1"]
[WhiteElo "1560"]
[BlackElo "1473"]
[PlyCount "78"]
[EventDate "2019.01.14"]
[EventType "swiss"]
[EventRounds "9"]
[EventCountry "NZL"]
[SourceTitle "CBM 189 Extra"]
[Source "ChessBase"]
[SourceDate "2019.05.31"]
[SourceVersion "1"]
[SourceVersionDate "2019.05.31"]
[SourceQuality "1"]

1. d4 Nf6 2. c4 e6 3. Nc3 Bb4 4. Qc2 d5 5. Nf3 Ne4 6. a3 Bxc3+ 7. bxc3 c5 8. e3 0-0 9. Bd3 Nf6 10. 0-0 Nc6 11. Rb1 b6 12. Rd1 Qe7 13. Re1 Na5 14. cxd5 exd5 15. Ne5 g6 16. a4 c4 17. Bf1 Bf5 18. Qa2 Bxb1 19. Qxb1 Nd7 20. Nf3 Nf6 21. Qa2 Qc7 22. g3 Ne4 23. Qc2 Nb3 24. Ba3 Rfe8 25. Bg2 Qd7 26. Ne5 Qxa4 27. Bxe4 dxe4 28. Bd6 Qb5 29. Qxe4 f6 30. Qb7 fxe5 31. Bxe5 Rxe5 32. dxe5 Re8 33. Rd1 Qxe5 34. Qxa7 Qxc3 35. Rd7 Qa1+ 36. Qxa1 Nxa1 37. Kf1 Rb8 38. Ke1 c3 39. Kd1 c2+ 0-1

[Event "NZL-ch Major op"]
[Site "Auckland"]
[Date "2019.01.15"]
[Round "2"]
[White "Lovejoy, David W"]
[Black "Mukkattu, Philip"]
[Result "1-0"]
[WhiteElo "1888"]
[BlackElo "1560"]
[PlyCount "47"]
[EventDate "2019.01.14"]
[EventType "swiss"]
[EventRounds "9"]
[EventCountry "NZL"]
[SourceTitle "CBM 189 Extra"]
[Source "ChessBase"]
[SourceDate "2019.05.31"]
[SourceVersion "1"]
[SourceVersionDate "2019.05.31"]
[SourceQuality "1"]

1. e4 c6 2. d4 d5 3. Nc3 dxe4 4. Nxe4 Bf5 5. Ng3 Bg6 6. h4 h6 7. Nf3 Nd7 8. h5 Bh7 9. Bd3 Bxd3 10. Qxd3 Ngf6 11. Bd2 e6 12. 0-0-0 c5 13. Rhe1 cxd4 14. Rxe6+ Be7 15. Rxe7+ Qxe7 16. Bb4 Nc5 17. Bxc5 Kd7 18. Qf5+ Kc7 19. Rxd4 Qe8 20. Bd6+ Kb6 21. Qc5+ Ka6 22. Rd3 b6 23. Ra3+ Kb7 24. Qc7# 1-0

[Event "Waikato op"]
[Site "Hamilton"]
[Date "2018.07.28"]
[Round "2"]
[White "Wright, Caleb"]
[Black "Mukkattu, Philip"]
[Result "1-0"]
[WhiteElo "1884"]
[BlackElo "1578"]
[PlyCount "51"]
[EventDate "2018.07.27"]
[EventType "swiss"]
[EventRounds "6"]
[EventCountry "NZL"]
[SourceTitle "CBM 186 Extra"]
[Source "ChessBase"]
[SourceDate "2018.08.24"]
[SourceVersion "1"]
[SourceVersionDate "2018.08.24"]
[SourceQuality "1"]

1. d4 d5 2. Nf3 Nf6 3. c4 c6 4. Nc3 e6 5. e3 Nbd7 6. Bd3 dxc4 7. Bxc4 Bb4 8. 0-0 0-0 9. Qb3 c5 10. Rd1 Qc7 11. Bd2 a6 12. a4 Bxc3 13. Bxc3 Re8 14. Rac1 Ne4 15. Be1 Ndf6 16. Bd3 Qe7 17. Qc2 Nd6 18. dxc5 Nf5 19. e4 Nh6 20. e5 Nd5 21. Bxh7+ Kh8 22. Be4 Bd7 23. Bd2 f5 24. exf6 Qxf6 25. Bg5 Qf8 26. Ne5 1-0

[Event "George Trundle Reserves"]
[Site "Auckland"]
[Date "2017.10.07"]
[Round "8"]
[White "Mukkattu, Philip"]
[Black "Ha, Huy Minh"]
[Result "1-0"]
[WhiteElo "1676"]
[BlackElo "1690"]
[PlyCount "45"]
[EventDate "2017.09.30"]
[EventType "tourn"]
[EventRounds "9"]
[EventCountry "NZL"]
[SourceTitle "CBM 181 Extra"]
[Source "ChessBase"]
[SourceDate "2017.12.12"]
[SourceVersion "1"]
[SourceVersionDate "2017.12.12"]
[SourceQuality "1"]

1. d4 e6 2. c4 f5 3. d5 e5 4. e4 Qh4 5. exf5 Qe4+ 6. Qe2 Qxf5 7. f4 Bb4+ 8. Nc3 d6 9. fxe5 dxe5 10. Bd2 a6 11. g4 Qxg4 12. Qxe5+ Be7 13. Be2 Nd7 14. Qxc7 Bh4+ 15. Kd1 Qf5 16. Nf3 Bf6 17. Rf1 Ne7 18. Ng5 Be5 19. Qa5 Qg6 20. Ne6 b6 21. Qb4 Bxh2 22. Rh1 Be5 23. Bh5 1-0

[Event "George Trundle Reserves"]
[Site "Auckland"]
[Date "2017.09.30"]
[Round "1"]
[White "Mukkattu, Philip"]
[Black "Qin, Oscar Shu Xuan"]
[Result "1-0"]
[WhiteElo "1676"]
[BlackElo "1415"]
[PlyCount "44"]
[EventDate "2017.09.30"]
[EventType "tourn"]
[EventRounds "9"]
[EventCountry "NZL"]
[SourceTitle "CBM 181 Extra"]
[Source "ChessBase"]
[SourceDate "2017.12.12"]
[SourceVersion "1"]
[SourceVersionDate "2017.12.12"]
[SourceQuality "1"]

1. Nf3 d5 2. g3 Nf6 3. Bg2 c6 4. 0-0 e6 5. c4 Nbd7 6. Qc2 Bd6 7. d4 dxc4 8. e4 e5 9. Rd1 Qe7 10. Qxc4 Nxe4 11. Re1 Nef6 12. dxe5 Nxe5 13. Nxe5 Bxe5 14. Bxc6+ Nd7 15. Bxd7+ Bxd7 16. Bd2 0-0 17. Bc3 Be6 18. Rxe5 Rfd8 19. Qe2 Rd7 20. Nd2 Rad8 21. Nf3 Qd6 22. Ng5 Re7 1-0

[Event "Auckland North Shore op 44th"]
[Site "Auckland"]
[Date "2017.08.26"]
[Round "2"]
[White "Morrell, Gordon"]
[Black "Mukkattu, Philip"]
[Result "1-0"]
[WhiteElo "2042"]
[BlackElo "1674"]
[PlyCount "107"]
[EventDate "2017.08.26"]
[EventType "swiss"]
[EventRounds "5"]
[EventCountry "NZL"]
[SourceTitle "CBM 180 Extra"]
[Source "ChessBase"]
[SourceDate "2017.10.06"]
[SourceVersion "1"]
[SourceVersionDate "2017.10.06"]
[SourceQuality "1"]

1. d4 d5 2. Nf3 Nf6 3. c4 c6 4. e3 dxc4 5. Bxc4 Bf5 6. Qb3 e6 7. Qxb7 Nbd7 8. Nbd2 Be7 9. 0-0 0-0 10. Qb3 Rb8 11. Qd1 Nb6 12. Be2 h6 13. b3 Qc7 14. Bb2 Na4 15. Qc1 Nxb2 16. Qxb2 c5 17. Rac1 Rfc8 18. Rc4 Qd8 19. Rfc1 cxd4 20. Nxd4 Rxc4 21. Bxc4 Qd6 22. Nxf5 exf5 23. Qc2 Ng4 24. Nf3 g6 25. Qd1 Qa3 26. h3 Nf6 27. Ne5 Rf8 28. Nxg6 Rd8 29. Nxe7+ Qxe7 30. Qf3 Qe5 31. Rd1 Rc8 32. Qf4 Qxf4 33. exf4 Kg7 34. Rd6 Rc7 35. g3 Ne4 36. Rd5 Kg6 37. Kg2 Nc3 38. Rd6+ f6 39. a3 Re7 40. g4 fxg4 41. hxg4 Kg7 42. f5 Ne4 43. Re6 Rxe6 44. fxe6 Kf8 45. f4 Nd6 46. f5 h5 47. Kh3 hxg4+ 48. Kxg4 Ke7 49. Bd3 Kf8 50. Kf4 Ke7 51. Ke3 Nb7 52. Kd4 Kd6 53. b4 a5 54. Be4 1-0

[Event "Auckland North Shore op 44th"]
[Site "Auckland"]
[Date "2017.08.26"]
[Round "3"]
[White "Mukkattu, Philip"]
[Black "Seabrook, Roy"]
[Result "0-1"]
[WhiteElo "1674"]
[BlackElo "1814"]
[PlyCount "56"]
[EventDate "2017.08.26"]
[EventType "swiss"]
[EventRounds "5"]
[EventCountry "NZL"]
[SourceTitle "CBM 180 Extra"]
[Source "ChessBase"]
[SourceDate "2017.10.06"]
[SourceVersion "1"]
[SourceVersionDate "2017.10.06"]
[SourceQuality "1"]

1. Nf3 d6 2. d4 g6 3. e4 Bg7 4. c4 Nf6 5. Nc3 0-0 6. h3 Nbd7 7. Bd3 c5 8. d5 a6 9. 0-0 Nh5 10. g4 Nhf6 11. Bf4 Ne8 12. Qd2 Bh8 13. Rae1 e5 14. dxe6 fxe6 15. e5 dxe5 16. Nxe5 Rxf4 17. Qxf4 Nxe5 18. Rxe5 Bxe5 19. Qxe5 Qxd3 20. Rd1 Qxh3 21. Qf4 e5 22. Qxe5 Qxg4+ 23. Kf1 Be6 24. b3 Qf5 25. Qe3 Nf6 26. Qd2 Ne4 27. Nxe4 Qxe4 28. Re1 Bh3+ 0-1

[Event "Auckland Anniversary op"]
[Site "Auckland"]
[Date "2017.01.30"]
[Round "7"]
[White "Mukkattu, Philip"]
[Black "Mcougall, Euan"]
[Result "1-0"]
[WhiteElo "1705"]
[BlackElo "1343"]
[PlyCount "69"]
[EventDate "2017.01.27"]
[EventType "swiss"]
[EventRounds "7"]
[EventCountry "NZL"]
[SourceTitle "EXT 2018"]
[Source "ChessBase"]
[SourceDate "2017.10.13"]
[SourceVersion "1"]
[SourceVersionDate "2017.10.13"]
[SourceQuality "1"]

1. d4 d5 2. c4 c6 3. Nc3 Nf6 4. Nf3 Bg4 5. e3 e6 6. a4 Bb4 7. h3 Bh5 8. g4 Ne4 9. Qb3 Bxc3+ 10. bxc3 Bg6 11. Qxb7 Nd7 12. cxd5 cxd5 13. Bb5 Nxc3 14. Bxd7+ Qxd7 15. Qxa8+ Qd8 16. Qc6+ Qd7 17. Qxc3 0-0 18. Ne5 Qe7 19. Ba3 Qf6 20. Bxf8 h6 21. Nxg6 Qxg6 22. Be7 Qe4 23. Ke2 h5 24. Qd3 Qg2 25. Rag1 Qe4 26. Qxe4 dxe4 27. gxh5 Kh7 28. Rg5 f6 29. Rg6 e5 30. Rhg1 a5 31. h6 Kh8 32. Rxg7 exd4 33. exd4 e3 34. Rb1 exf2 35. Rb8# 1-0

[Event "Auckland Anniversary op"]
[Site "Auckland"]
[Date "2017.01.29"]
[Round "4"]
[White "Steadman, Michael VR"]
[Black "Mukkattu, Philip"]
[Result "1-0"]
[WhiteElo "2272"]
[BlackElo "1705"]
[PlyCount "37"]
[EventDate "2017.01.27"]
[EventType "swiss"]
[EventRounds "7"]
[EventCountry "NZL"]
[SourceTitle "EXT 2018"]
[Source "ChessBase"]
[SourceDate "2017.10.13"]
[SourceVersion "1"]
[SourceVersionDate "2017.10.13"]
[SourceQuality "1"]

1. c4 Nf6 2. Nc3 d5 3. cxd5 Nxd5 4. e4 Nxc3 5. bxc3 c5 6. Nf3 Nd7 7. Bc4 e6 8. 0-0 Bd6 9. d4 0-0 10. Qe2 e5 11. Bb2 exd4 12. cxd4 cxd4 13. Bxd4 Qe7 14. e5 Bc5 15. Bb2 Nb6 16. Bd3 Na4 17. Qe4 g6 18. Qxa4 Bg4 19. Qxg4 1-0

[Event "Auckland Anniversary op"]
[Site "Auckland"]
[Date "2017.01.28"]
[Round "3"]
[White "Mukkattu, Philip"]
[Black "Li, Rodney Xiang Rei"]
[Result "1-0"]
[WhiteElo "1705"]
[BlackElo "1525"]
[PlyCount "63"]
[EventDate "2017.01.27"]
[EventType "swiss"]
[EventRounds "7"]
[EventCountry "NZL"]
[SourceTitle "EXT 2018"]
[Source "ChessBase"]
[SourceDate "2017.10.13"]
[SourceVersion "1"]
[SourceVersionDate "2017.10.13"]
[SourceQuality "1"]

1. d4 Nf6 2. c4 e6 3. Nf3 c5 4. d5 exd5 5. cxd5 d6 6. Nc3 g6 7. e4 Bg4 8. h3 Bxf3 9. Qxf3 Bg7 10. Bf4 0-0 11. g4 a6 12. a4 Re8 13. Bg2 Nbd7 14. 0-0 Qc7 15. Rab1 Rab8 16. Qg3 Ne5 17. Rfc1 b5 18. axb5 axb5 19. Ne2 Rec8 20. Kh1 Ne8 21. g5 c4 22. Bxe5 Bxe5 23. f4 Bg7 24. h4 Ra8 25. f5 Be5 26. Qf3 b4 27. Bh3 Rcb8 28. h5 Ra2 29. hxg6 fxg6 30. fxg6 hxg6 31. Be6+ Kg7 32. Qh3 1-0

[Event "Oceania zt 3.6"]
[Site "Auckland"]
[Date "2017.01.20"]
[Round "9"]
[White "Archer, Saffron"]
[Black "Mukkattu, Philip"]
[Result "1/2-1/2"]
[WhiteElo "1417"]
[BlackElo "1705"]
[PlyCount "51"]
[EventDate "2017.01.14"]
[EventType "swiss"]
[EventRounds "9"]
[EventCountry "NZL"]
[SourceTitle "EXT 2018"]
[Source "ChessBase"]
[SourceDate "2017.10.13"]
[SourceVersion "1"]
[SourceVersionDate "2017.10.13"]
[SourceQuality "1"]

1. e4 c6 2. d4 d5 3. Nc3 dxe4 4. Nxe4 Bf5 5. Ng3 Bg6 6. h4 h6 7. Nf3 Nd7 8. Bd3 Bxd3 9. Qxd3 e6 10. c3 Ngf6 11. Bd2 Be7 12. 0-0-0 c5 13. Ne4 0-0 14. Rdg1 cxd4 15. Nxd4 Ng4 16. Qh3 Ngf6 17. Nxf6+ Bxf6 18. Nf3 Nc5 19. Be3 Qa5 20. Bxc5 Qxc5 21. g4 g6 22. g5 Bg7 23. gxh6 Bxh6+ 24. Kb1 Qh5 25. Qg4 Qxg4 26. Rxg4 1/2-1/2